Metodika plánovania vyhodnocovania metrologických činností

Bibliographic Details
Main Author: Fratrič, Jozef (Author)
Format: Article
Language:Slovak
PhysicalDescription:Tb. 4.
Subjects:

MARC

LEADER 00000nab a2200000 a 4500
001 vtls000248675
003 SK-MaSNL
005 20260303211937.0
008 111202c1985 xo 0 slo
015 |a SNBRA19rr/mm-uuuuu 
035 |a CL0258789 
040 |a SNKBUCL  |b slo  |c SNKBUCL  |e AACR2 
041 0 |a slo 
044 |a xo  |c SK 
080 |a 389:621:334.76  |2 1981 
080 |a 621  |2 1981 
080 |a 334.76  |2 1981 
080 |a 531.718  |2 1981 
080 |a 389  |2 1981 
100 1 |a Fratrič, Jozef  |4 aut  |9 1244229 
245 1 0 |a Metodika plánovania vyhodnocovania metrologických činností  |c Jozef Fratrič 
300 |b Tb. 4. 
650 0 7 |a strojárska metrológia  |2 snkbucl  |9 3685 
650 0 7 |a meradlá  |2 snkbucl  |9 441357 
655 7 |a články zo zborníkov  |2 snkbucl  |9 166140 
773 0 |t Meranie a meracia technika v strojárstve  |d Žilina : Dom techniky ČSVTS, 1985  |g S. 116-123 
850 |a Slovenská národná knižnica v Martine  |a MTA001 
852 |a SNK  |b KIS3GCP 
958 |a RK 
992 |a RZB 
999 |c 2204785  |d 2206715